Концентрация атомов водорода и структурно-фазовое состояние в образцах сплава на основе TiNi после наводороживания в растворе 0,9NaCl различной длительности; Физическая мезомеханика. Материалы с многоуровневой иерархически организованной структурой и интеллектуальные производственные технологии

Detalles Bibliográficos
Parent link:Физическая мезомеханика. Материалы с многоуровневой иерархически организованной структурой и интеллектуальные производственные технологии.— 2021.— [С. 294]
Autor Corporativo: Национальный исследовательский Томский политехнический университет Инженерная школа ядерных технологий Отделение экспериментальной физики
Outros autores: Тимкин В. Н. Виктор Николаевич, Лаптев Р. С. Роман Сергеевич, Гришков В. Н. Виктор Николаевич, Лотков А. И. Александр Иванович, Миронов Ю. П. Юрий Петрович, Ломыгин А. Д. Антон Дмитриевич, Жапова Д. Ю. Доржима Юрьевна, Бармина Е. Г. Елена Георгиевна, Кашина О. Н. Ольга Николаевна
Summary:Заглавие с экрана
Idioma:ruso
Publicado: 2021
Subjects:
Acceso en liña:https://www.elibrary.ru/item.asp?id=46694015
Formato: MixedMaterials Electrónico Capítulo de libro
KOHA link:https://koha.lib.tpu.ru/cgi-bin/koha/opac-detail.pl?biblionumber=668211

MARC

LEADER 00000naa0a2200000 4500
001 668211
005 20251028071619.0
035 |a (RuTPU)RU\TPU\network\39435 
035 |a RU\TPU\network\34420 
090 |a 668211 
100 |a 20220630d2021 k||y0rusy50 ca 
101 0 |a rus 
102 |a RU 
135 |a drcn ---uucaa 
181 0 |a i  
182 0 |a b 
200 1 |a Концентрация атомов водорода и структурно-фазовое состояние в образцах сплава на основе TiNi после наводороживания в растворе 0,9NaCl различной длительности  |f В. Н. Тимкин, Р. С. Лаптев, В. Н. Гришков [и др.] 
203 |a Текст  |c электронный 
300 |a Заглавие с экрана 
463 1 |t Физическая мезомеханика. Материалы с многоуровневой иерархически организованной структурой и интеллектуальные производственные технологии  |o тезисы докладов Международной конференции, 6-10 сентября 2021 г., Томск, Россия  |v [С. 294]  |d 2021 
610 1 |a электронный ресурс 
610 1 |a труды учёных ТПУ 
701 1 |a Тимкин  |b В. Н.  |g Виктор Николаевич 
701 1 |a Лаптев  |b Р. С.  |c физик, специалист в области неразрушающего контроля  |c доцент Томского политехнического университета, доктор технических наук  |f 1987-  |g Роман Сергеевич  |y Томск  |3 (RuTPU)RU\TPU\pers\29924  |9 14396 
701 1 |a Гришков  |b В. Н.  |g Виктор Николаевич 
701 1 |a Лотков  |b А. И.  |g Александр Иванович 
701 1 |a Миронов  |b Ю. П.  |g Юрий Петрович 
701 1 |a Ломыгин  |b А. Д.  |c физик  |c заведующий лабораторией Томского политехнического университета  |f 1997-  |g Антон Дмитриевич  |3 (RuTPU)RU\TPU\pers\44438  |9 21809 
701 1 |a Жапова  |b Д. Ю.  |g Доржима Юрьевна 
701 1 |a Бармина  |b Е. Г.  |g Елена Георгиевна 
701 1 |a Кашина  |b О. Н.  |g Ольга Николаевна 
712 0 2 |a Национальный исследовательский Томский политехнический университет  |b Инженерная школа ядерных технологий  |b Отделение экспериментальной физики  |3 (RuTPU)RU\TPU\col\23549 
801 2 |a RU  |b 63413507  |c 20220630  |g RCR 
850 |a 63413507 
856 4 |u https://www.elibrary.ru/item.asp?id=46694015 
942 |c CF